[Event "Hastings Masters"]
[Site "Hastings, England"]
[Date "2015.01.04"
[Round "7.11"]
[White "Galyas, Miklos"]
[WhiteElo "2428"]
[Black "Constantinou, Peter"]
[BlackElo "2276"]
[Result "1/2-1/2"]

1. Nf3 {[%clk 1:37:43]} d5 {[%clk 1:40:50]} 2. g3 {[%clk 1:37:48]} Nf6
{[%clk 1:40:38]} 3. Bg2 {[%clk 1:37:51]} c6 {[%clk 1:40:05]} 4. O-O
{[%clk 1:38:07]} Bg4 {[%clk 1:40:11]} 5. d3 {[%clk 1:38:15]} e6 {[%clk 1:39:31]}
6. Nbd2 {[%clk 1:37:58]} Be7 {[%clk 1:38:56]} 7. e4 {[%clk 1:37:54]} O-O
{[%clk 1:38:39]} 8. b3 {[%clk 1:37:24]} a5 {[%clk 1:27:18]} 9. a3
{[%clk 1:37:06]} Nbd7 {[%clk 1:23:56]} 10. Bb2 {[%clk 1:37:21]} Bh5 11. Qe1 b5
{[%clk 1:14:30]} 12. Kh1 {[%clk 1:28:36]} a4 {[%clk 1:10:37]} 13. b4
{[%clk 1:21:29]} c5 {[%clk 1:08:55]} 14. bxc5 {[%clk 1:14:59]} Bxc5
{[%clk 1:08:13]} 15. e5 {[%clk 1:14:32]} Ne8 {[%clk 1:08:01]} 16. Nh4
{[%clk 1:12:40]} Qb6 {[%clk 1:06:44]} 17. f4 Rc8 {[%clk 0:58:36]} 18. c3
{[%clk 1:06:04]} Be7 {[%clk 0:53:52]} 19. d4 {[%clk 1:05:46]} Bxh4
{[%clk 0:52:24]} 20. gxh4 {[%clk 1:06:14]} f5 {[%clk 0:44:10]} 21. Bf3
{[%clk 1:02:43]} Bxf3+ {[%clk 0:42:01]} 22. Nxf3 {[%clk 1:00:31]} Qc6
{[%clk 0:40:09]} 23. h5 {[%clk 0:55:17]} h6 {[%clk 0:39:01]} 24. Rg1
{[%clk 0:47:33]} Rf7 {[%clk 0:38:27]} 25. Rg2 {[%clk 0:38:35]} Nf8
{[%clk 0:37:46]} 26. Qe3 {[%clk 0:33:07]} Rcc7 {[%clk 0:36:03]} 27. Rag1
{[%clk 0:30:21]} Rb7 {[%clk 0:33:56]} 28. Bc1 {[%clk 0:24:11]} Nc7
{[%clk 0:32:54]} 29. Bd2 {[%clk 0:23:53]} Na8 {[%clk 0:30:06]} 30. Be1
{[%clk 0:24:12]} Rbc7 {[%clk 0:29:52]} 31. Nh4 {[%clk 0:17:43]} Nb6
{[%clk 0:28:31]} 32. Ng6 {[%clk 0:17:00]} Nc4 {[%clk 0:27:39]} 33. Qc1
{[%clk 0:17:16]} Nxg6 {[%clk 0:19:49]} 34. Rxg6 {[%clk 0:17:38]} Kh7
{[%clk 0:19:23]} 35. Bh4 {[%clk 0:14:17]} Qe8 {[%clk 0:17:55]} 36. Qe1
{[%clk 0:12:26]} Nxa3 {[%clk 0:14:45]} 37. Qg3 {[%clk 0:12:27]} Rfd7
{[%clk 0:14:43]} 38. Bf6 {[%clk 0:08:28]} Qf7 {[%clk 0:12:10]} 39. Bxg7
{[%clk 0:06:14]} Qxg7 {[%clk 0:12:32]} 40. Rxg7+ {[%clk 0:06:16]} Rxg7
{[%clk 0:12:57]} 41. Qh4 {[%clk 0:05:47]} Rxg1+ {[%clk 0:03:13]} 42. Kxg1
{[%clk 0:05:00]} Nc2 {[%clk 0:49:49]} 43. Qf6 {[%clk 0:53:07]} Rg7+
{[%clk 0:45:03]} 44. Kf2 {[%clk 0:50:50]} a3 {[%clk 0:45:00]} 45. Qxe6
{[%clk 0:47:27]} a2 {[%clk 0:44:00]} 46. Qxf5+ {[%clk 0:47:35]} Kh8
{[%clk 0:43:48]} 47. Qf8+ {[%clk 0:45:51]} 1/2-1/2

[Event "Hastings Masters"]
[Site "Hastings, England"]
[Date "2015.01.04"
[Round "7.12"]
[White "Kheit, Wahbi"]
[WhiteElo "2223"]
[Black "Webb, Laurence E"]
[BlackElo "2272"]
[Result "1-0"]

1. d4 {[%clk 1:37:29]} Nf6 {[%clk 1:40:54]} 2. Nf3 {[%clk 1:37:31]} c5
{[%clk 1:41:02]} 3. d5 {[%clk 1:37:39]} b5 {[%clk 1:41:13]} 4. Bg5
{[%clk 1:37:13]} d6 {[%clk 1:41:09]} 5. Bxf6 {[%clk 1:36:30]} exf6
{[%clk 1:41:27]} 6. e4 {[%clk 1:36:21]} a6 {[%clk 1:39:35]} 7. a4
{[%clk 1:35:22]} b4 {[%clk 1:39:50]} 8. Bd3 {[%clk 1:34:05]} g6 {[%clk 1:38:20]}
9. Nbd2 {[%clk 1:33:45]} Bg7 {[%clk 1:38:17]} 10. Nc4 {[%clk 1:32:37]} a5
{[%clk 1:37:24]} 11. O-O {[%clk 1:32:00]} O-O {[%clk 1:36:56]} 12. Nfd2
{[%clk 1:30:51]} Ba6 {[%clk 1:34:14]} 13. f4 {[%clk 1:29:03]} Qc7
{[%clk 1:33:59]} 14. Qg4 {[%clk 1:27:28]} Nd7 {[%clk 1:32:36]} 15. Qh4
{[%clk 1:22:44]} Rfe8 {[%clk 1:28:01]} 16. f5 {[%clk 1:21:18]} Nb6
{[%clk 1:20:31]} 17. b3 {[%clk 1:20:59]} Bxc4 {[%clk 1:16:42]} 18. Bxc4
{[%clk 1:16:17]} Re5 {[%clk 1:12:34]} 19. Rae1 {[%clk 1:11:20]} gxf5
{[%clk 0:54:00]} 20. Rxf5 {[%clk 1:03:55]} Rxf5 {[%clk 0:41:52]} 21. exf5
{[%clk 1:03:46]} Qd7 {[%clk 0:40:45]} 22. Qg4 {[%clk 1:00:39]} Kh8
{[%clk 0:36:05]} 23. Bb5 {[%clk 0:56:56]} Qa7 {[%clk 0:34:13]} 24. Kh1
{[%clk 0:53:17]} Rg8 {[%clk 0:32:57]} 25. Qg3 {[%clk 0:48:55]} Qc7
{[%clk 0:25:13]} 26. Ne4 {[%clk 0:47:05]} Bf8 {[%clk 0:20:05]} 27. Qh4
{[%clk 0:45:21]} Be7 {[%clk 0:20:00]} 28. Nxf6 {[%clk 0:43:36]} Rg7
{[%clk 0:20:14]} 29. Qh6 {[%clk 0:40:48]} Qd8 {[%clk 0:18:00]} 30. Ne8
{[%clk 0:40:00]} Rg8 {[%clk 0:15:58]} 31. f6 {[%clk 0:37:32]} Bf8
{[%clk 0:15:13]} 32. Qh5 {[%clk 0:35:42]} c4 {[%clk 0:09:35]} 33. Qxf7
{[%clk 0:34:20]} Qc8 {[%clk 0:08:50]} 34. Qc7 {[%clk 0:30:54]} Qg4
{[%clk 0:07:55]} 35. Rg1 {[%clk 0:29:13]} Nxd5 {[%clk 0:06:26]} 36. Nxd6
{[%clk 0:28:32]} Bxd6 {[%clk 0:04:38]} 37. Qxd6 {[%clk 0:28:28]} Nf4
{[%clk 0:01:19]} 38. f7 1-0

[Event "Hastings Masters"]
[Site "Hastings, England"]
[Date "2015.01.04"
[Round "7.13"]
[White "Prosviriakov, Vladimir"]
[WhiteElo "2271"]
[Black "Flear, Glenn C"]
[BlackElo "2460"]
[Result "0-1"]

1. e4 {[%clk 1:40:45]} e5 {[%clk 1:34:13]} 2. Nf3 {[%clk 1:40:43]} Nc6
{[%clk 1:34:37]} 3. Bc4 {[%clk 1:40:41]} Nf6 {[%clk 1:34:04]} 4. d3
{[%clk 1:40:37]} Be7 {[%clk 1:34:13]} 5. c3 {[%clk 1:39:13]} O-O {[%clk 1:32:48]}
6. Nbd2 {[%clk 1:36:46]} d6 {[%clk 1:19:08]} 7. Bb3 {[%clk 1:35:39]} Na5
{[%clk 1:17:34]} 8. Bc2 {[%clk 1:35:40]} c5 {[%clk 1:17:39]} 9. Nf1
{[%clk 1:28:51]} Nc6 {[%clk 1:10:20]} 10. Ng3 {[%clk 1:27:51]} Qc7
{[%clk 1:07:10]} 11. h3 {[%clk 1:23:14]} d5 {[%clk 1:05:07]} 12. Qe2
{[%clk 1:20:22]} d4 {[%clk 1:01:59]} 13. Nh4 {[%clk 1:15:24]} c4 {[%clk 0:57:56]}
14. dxc4 {[%clk 1:13:52]} dxc3 {[%clk 0:58:02]} 15. bxc3 {[%clk 1:14:01]} Na5
{[%clk 0:55:44]} 16. O-O {[%clk 1:08:19]} Be6 {[%clk 0:52:56]} 17. Qf3
{[%clk 1:06:05]} Nxc4 {[%clk 0:47:00]} 18. Nhf5 {[%clk 1:05:56]} Rfd8
{[%clk 0:37:31]} 19. Nxe7+ {[%clk 1:04:20]} Qxe7 {[%clk 0:37:57]} 20. Nf5
{[%clk 1:04:12]} Bxf5 {[%clk 0:37:22]} 21. Qxf5 {[%clk 1:04:01]} Rac8
{[%clk 0:34:15]} 22. f4 {[%clk 0:57:49]} exf4 {[%clk 0:30:32]} 23. Bxf4
{[%clk 0:54:46]} Rc5 {[%clk 0:27:15]} 24. e5 {[%clk 0:52:20]} Nxe5
{[%clk 0:25:47]} 25. Rae1 {[%clk 0:50:12]} Ng6 {[%clk 0:20:55]} 26. Rxe7
{[%clk 0:42:55]} Rxf5 {[%clk 0:20:05]} 27. Bxf5 {[%clk 0:43:06]} Nxe7
{[%clk 0:20:28]} 28. Bc2 {[%clk 0:43:12]} Ned5 {[%clk 0:18:57]} 29. Be5
{[%clk 0:33:55]} Ne3 {[%clk 0:14:53]} 30. Bxf6 {[%clk 0:33:49]} gxf6
{[%clk 0:09:30]} 31. Rf2 {[%clk 0:33:57]} Rc8 {[%clk 0:06:55]} 32. Be4
{[%clk 0:32:28]} b6 {[%clk 0:05:44]} 33. Rxf6 {[%clk 0:32:23]} Rxc3
{[%clk 0:04:28]} 34. Rd6 {[%clk 0:29:16]} Rc1+ {[%clk 0:02:49]} 35. Kf2
{[%clk 0:29:26]} Nd1+ {[%clk 0:03:09]} 36. Kf3 {[%clk 0:26:07]} Nc3
{[%clk 0:03:33]} 37. Bf5 {[%clk 0:25:28]} Nxa2 {[%clk 0:03:15]} 38. Rh6
{[%clk 0:25:45]} Rf1+ {[%clk 0:02:24]} 39. Kg4 {[%clk 0:26:01]} Nc3
{[%clk 0:02:05]} 40. Bxh7+ {[%clk 0:22:00]} Kg7 {[%clk 0:02:25]} 41. Rh4
{[%clk 0:22:07]} Nd5 {[%clk 0:00:34]} 42. Bd3 {[%clk 0:17:11]} Rf4+
{[%clk 0:49:34]} 43. Kg3 {[%clk 1:07:33]} Rxh4 {[%clk 0:49:43]} 44. Kxh4
{[%clk 1:07:56]} a5 {[%clk 0:49:46]} 0-1

[Event "Hastings Masters"]
[Site "Hastings, England"]
[Date "2015.01.04"
[Round "7.14"]
[White "Britton, Richard L"]
[WhiteElo "2230"]
[Black "Sowray, Peter J"]
[BlackElo "2365"]
[Result "0-1"]

1. e4 {[%clk 1:32:24]} d6 {[%clk 1:40:50]} 2. d4 {[%clk 1:32:37]} Nf6
{[%clk 1:41:13]} 3. Nc3 {[%clk 1:33:02]} g6 {[%clk 1:41:36]} 4. Nf3
{[%clk 1:31:23]} Bg7 {[%clk 1:41:56]} 5. Be3 {[%clk 1:29:54]} O-O
{[%clk 1:39:37]} 6. Qd2 {[%clk 1:29:30]} a6 {[%clk 1:37:54]} 7. Bh6
{[%clk 1:20:04]} b5 {[%clk 1:36:05]} 8. Bxg7 {[%clk 1:19:35]} Kxg7
{[%clk 1:36:15]} 9. Bd3 {[%clk 1:17:41]} Nc6 {[%clk 1:32:21]} 10. O-O-O
{[%clk 1:01:17]} e5 {[%clk 1:27:04]} 11. dxe5 {[%clk 0:56:40]} Nxe5
{[%clk 1:08:26]} 12. Nxe5 {[%clk 0:51:43]} dxe5 {[%clk 1:08:48]} 13. h4
{[%clk 0:50:15]} h5 {[%clk 0:55:06]} 14. f3 {[%clk 0:41:37]} Be6 {[%clk 0:50:55]}
15. Qe3 {[%clk 0:28:44]} Qd4 {[%clk 0:36:05]} 16. Qe1 {[%clk 0:20:22]} Qc5
{[%clk 0:29:53]} 17. Kb1 {[%clk 0:19:31]} c6 {[%clk 0:27:02]} 18. Ne2
{[%clk 0:18:28]} b4 {[%clk 0:22:24]} 19. g4 {[%clk 0:15:22]} Rh8 {[%clk 0:13:30]}
20. Ng3 {[%clk 0:15:28]} a5 {[%clk 0:12:39]} 21. Qd2 {[%clk 0:14:34]} hxg4
{[%clk 0:09:23]} 22. h5 {[%clk 0:12:34]} a4 {[%clk 0:08:39]} 23. Qg5
{[%clk 0:12:48]} a3 {[%clk 0:05:42]} 24. h6+ {[%clk 0:12:26]} Kh7
{[%clk 0:06:06]} 25. Qxf6 {[%clk 0:12:27]} Bxa2+ {[%clk 0:06:21]} 26. Kc1
{[%clk 0:12:13]} axb2+ {[%clk 0:05:15]} 27. Kd2 {[%clk 0:12:42]} Rhg8
{[%clk 0:05:28]} 28. Ke2 {[%clk 0:11:40]} Be6 {[%clk 0:04:54]} 29. f4
{[%clk 0:10:58]} exf4 {[%clk 0:04:33]} 30. Qxf4 {[%clk 0:11:21]} b3
{[%clk 0:04:04]} 31. Nh5 {[%clk 0:03:29]} bxc2 {[%clk 0:04:01]} 32. Nf6+
{[%clk 0:03:56]} Kh8 {[%clk 0:04:27]} 33. Nxg8 {[%clk 0:03:56]} cxd1=Q+
{[%clk 0:04:28]} 34. Rxd1 {[%clk 0:04:25]} Rxg8 {[%clk 0:04:11]} 35. h7
{[%clk 0:04:48]} Qh5 {[%clk 0:01:46]} 36. hxg8=Q+ {[%clk 0:04:59]} Kxg8
{[%clk 0:02:15]} 37. e5 {[%clk 0:01:45]} Bd5 {[%clk 0:01:32]} 38. Kd2
{[%clk 0:01:29]} Qh3 {[%clk 0:01:21]} 39. Kc2 {[%clk 0:01:20]} g3
{[%clk 0:00:53]} 40. Kxb2 {[%clk 0:01:08]} g2 {[%clk 0:00:49]} 41. Qd4
{[%clk 0:41:02]} Qe6 {[%clk 0:40:01]} 42. Kc3 {[%clk 0:35:08]} c5
{[%clk 0:37:33]} 43. Qxc5 {[%clk 0:23:36]} Qxe5+ {[%clk 0:37:34]} 44. Qd4
{[%clk 0:24:02]} Qg3 {[%clk 0:31:16]} 45. Kc2 {[%clk 0:19:07]} Qh2
{[%clk 0:22:55]} 46. Rg1 {[%clk 0:18:46]} Qg3 {[%clk 0:22:25]} 47. Kd2
{[%clk 0:18:43]} Qg5+ {[%clk 0:17:25]} 48. Kc3 {[%clk 0:17:18]} Bf3
{[%clk 0:15:38]} 49. Rb1 {[%clk 0:16:05]} Kh7 {[%clk 0:14:39]} 50. Kc2
{[%clk 0:12:53]} Qg3 {[%clk 0:11:23]} 51. Ra1 {[%clk 0:12:04]} Qh2
{[%clk 0:10:27]} 52. Kc3 {[%clk 0:10:03]} Qg3 {[%clk 0:10:01]} 53. Kd2
{[%clk 0:08:35]} Qh2 {[%clk 0:08:49]} 54. Rg1 {[%clk 0:08:14]} Kg8
{[%clk 0:07:51]} 55. Bc4 {[%clk 0:07:53]} Qc7 {[%clk 0:07:00]} 56. Ra1
{[%clk 0:06:06]} Bb7 {[%clk 0:06:34]} 57. Kc3 {[%clk 0:05:17]} Qg3+
{[%clk 0:05:51]} 58. Kb4 {[%clk 0:05:40]} Qg5 {[%clk 0:05:02]} 59. Re1
{[%clk 0:04:31]} Bc6 {[%clk 0:02:03]} 60. Qf2 {[%clk 0:04:25]} Bd5
{[%clk 0:01:06]} 61. Bxd5 {[%clk 0:00:44]} Qxd5 {[%clk 0:15:05]} 62. Kc3
{[%clk 0:13:26]} Qa5+ {[%clk 0:14:24]} 63. Kd3 {[%clk 0:13:42]} Qa3+
{[%clk 0:14:31]} 64. Ke4 {[%clk 0:13:47]} Qh3 {[%clk 0:14:30]} 65. Kf4
{[%clk 0:11:49]} Qh2+ {[%clk 0:12:37]} 66. Kf3 {[%clk 0:12:03]} Qh1
{[%clk 0:12:32]} 67. Kg3 {[%clk 0:08:33]} Kf8 {[%clk 0:10:45]} 68. Qc5+
{[%clk 0:07:09]} Kg8 {[%clk 0:11:07]} 69. Rg1 {[%clk 0:04:31]} Kg7
{[%clk 0:10:21]} 70. Qd4+ {[%clk 0:04:38]} Kg8 {[%clk 0:10:30]} 71. Rxg2 Qe1+
{[%clk 0:10:36]} 72. Kf3 {[%clk 0:04:39]} Qf1+ {[%clk 0:10:37]} 73. Rf2
{[%clk 0:04:53]} Qh3+ {[%clk 0:10:37]} 74. Ke2 {[%clk 0:05:06]} Qe6+
{[%clk 0:10:51]} 75. Kd1 {[%clk 0:05:01]} Qb3+ {[%clk 0:11:04]} 76. Kd2
{[%clk 0:04:51]} Qa2+ {[%clk 0:11:16]} 77. Kc1 {[%clk 0:04:59]} Qa3+
{[%clk 0:11:33]} 78. Rb2 {[%clk 0:05:19]} Qa1+ {[%clk 0:10:54]} 79. Kc2
{[%clk 0:05:38]} Qa8 {[%clk 0:11:09]} 80. Rb5 {[%clk 0:03:35]} Qa2+
{[%clk 0:10:55]} 81. Kc3 {[%clk 0:03:42]} Qa1+ {[%clk 0:11:09]} 82. Kb4
{[%clk 0:03:56]} Qxd4+ {[%clk 0:11:30]} 0-1

[Event "Hastings Masters"]
[Site "Hastings, England"]
[Date "2015.01.04"
[Round "7.15"]
[White "Rolvag, Mikael"]
[WhiteElo "2191"]
[Black "Jackson, James P"]
[BlackElo "2356"]
[Result "0-1"]

1. c4 {[%clk 1:40:56]} Nf6 {[%clk 1:36:37]} 2. Nc3 {[%clk 1:36:08]} g6
{[%clk 1:34:09]} 3. g3 {[%clk 1:33:07]} Bg7 {[%clk 1:34:24]} 4. Bg2
{[%clk 1:33:29]} O-O {[%clk 1:34:38]} 5. e4 {[%clk 1:32:05]} d6 {[%clk 1:34:11]}
6. Nge2 {[%clk 1:31:41]} c5 {[%clk 1:26:56]} 7. O-O {[%clk 1:21:45]} Nc6
{[%clk 1:27:16]} 8. a3 {[%clk 1:21:32]} Ne8 {[%clk 1:13:02]} 9. Rb1
{[%clk 1:18:17]} a5 {[%clk 1:10:24]} 10. d3 {[%clk 1:17:48]} Nc7 {[%clk 1:10:40]}
11. Be3 {[%clk 1:17:50]} Rb8 {[%clk 1:07:28]} 12. a4 {[%clk 1:12:36]} b6
{[%clk 1:06:12]} 13. h3 {[%clk 1:06:23]} Bb7 {[%clk 0:59:00]} 14. Kh2
{[%clk 1:03:21]} Na6 {[%clk 0:45:50]} 15. Nb5 {[%clk 0:58:59]} Nab4
{[%clk 0:45:50]} 16. f4 {[%clk 0:58:30]} Re8 {[%clk 0:38:31]} 17. Qd2
{[%clk 0:53:03]} Qd7 {[%clk 0:33:38]} 18. Rbd1 {[%clk 0:53:18]} Ba6
{[%clk 0:33:37]} 19. g4 {[%clk 0:40:46]} Nd4 {[%clk 0:25:11]} 20. Nexd4
{[%clk 0:31:28]} cxd4 {[%clk 0:25:36]} 21. Bf2 {[%clk 0:31:32]} Bxb5
{[%clk 0:22:39]} 22. axb5 {[%clk 0:31:44]} Rbc8 {[%clk 0:18:39]} 23. Be1
{[%clk 0:28:51]} Qc7 {[%clk 0:17:47]} 24. b3 {[%clk 0:21:51]} Qc5
{[%clk 0:16:32]} 25. Rf3 {[%clk 0:18:04]} h6 {[%clk 0:15:09]} 26. h4
{[%clk 0:17:25]} e6 {[%clk 0:14:02]} 27. Qb2 {[%clk 0:09:43]} Rc7
{[%clk 0:11:14]} 28. g5 {[%clk 0:08:32]} hxg5 {[%clk 0:10:49]} 29. hxg5
{[%clk 0:08:48]} f6 {[%clk 0:07:37]} 30. gxf6 {[%clk 0:06:20]} Bxf6
{[%clk 0:08:06]} 31. Bh3 {[%clk 0:05:50]} Rh7 {[%clk 0:08:21]} 32. Qg2
{[%clk 0:06:10]} Kf7 {[%clk 0:08:10]} 33. e5 {[%clk 0:05:03]} Be7
{[%clk 0:05:33]} 34. Qg4 {[%clk 0:04:58]} Qc8 {[%clk 0:04:19]} 35. Bxb4
{[%clk 0:03:23]} axb4 {[%clk 0:04:48]} 36. Ra1 {[%clk 0:03:52]} Rh4
{[%clk 0:05:02]} 37. Qg2 {[%clk 0:03:44]} Qb8 {[%clk 0:04:01]} 38. Kg1
{[%clk 0:03:48]} dxe5 {[%clk 0:02:50]} 39. fxe5+ {[%clk 0:04:00]} Kg7
{[%clk 0:03:19]} 40. Bxe6 {[%clk 0:01:49]} Qxe5 {[%clk 0:01:18]} 41. Bd5
{[%clk 0:40:16]} Rf8 {[%clk 0:40:14]} 42. Rxf8 {[%clk 0:36:35]} Bxf8
{[%clk 0:40:13]} 43. Be4 {[%clk 0:36:46]} Qf4 {[%clk 0:34:30]} 44. Qf2
{[%clk 0:34:50]} Qg5+ {[%clk 0:30:19]} 45. Bg2 {[%clk 0:31:15]} Bd6
{[%clk 0:30:25]} 46. Qf3 {[%clk 0:27:08]} Bh2+ {[%clk 0:12:52]} 47. Kh1
{[%clk 0:27:11]} Bg3+ {[%clk 0:13:18]} 48. Kg1 {[%clk 0:27:32]} Rf4
{[%clk 0:13:20]} 49. Qe2 {[%clk 0:19:55]} Bf2+ {[%clk 0:13:03]} 50. Kf1
{[%clk 0:20:18]} Be3+ {[%clk 0:13:29]} 0-1

[Event "Hastings Masters"]
[Site "Hastings, England"]
[Date "2015.01.04"
[Round "7.16"]
[White "Jaunooby, Ali R"]
[WhiteElo "2175"]
[Black "Bates, Richard A"]
[BlackElo "2349"]
[Result "1/2-1/2"]

1. d4 Nf6 2. c4 g6 3. Nc3 Bg7 4. g3 O-O 5. Bg2 d6 6. h3 Nc6 7. e3 Rb8 8. Nge2 a6
9. b3 Bd7 10. d5 Na7 11. a4 c5 12. e4 e6 13. Bf4 e5 14. Be3 Qc7 15. a5 b5 16. Qd3
Nh5 17. Bf3 f5 18. exf5 Bxf5 19. Ne4 Nf6 20. g4 Bxe4 21. Bxe4 Qf7 22. Ng3 Nxe4
23. Qxe4 bxc4 24. bxc4 h5 25. gxh5 gxh5 26. Rg1 Rb4 27. Qh4 Qg6 28. Qe4 Rf6 29.
Bd2 Rb3 30. Ke2 Rxg3 31. Qxg6 Rgxg6 32. Rxg6 Rxg6 33. Rb1 Rf6 34. Rb6 Bf8 35. Bg5
Rf7 36. Rxa6 Rd7 37. Rb6 Kf7 38. a6 Be7 39. Rb7 Ke8 40. h4 Kd8 41. Rb8+ Nc8 42.
Bd2 Ra7 43. Ba5+ Kd7 44. Rb7+ Ke8 45. Rb8 Kd7 46. Rb7+ Ke8 1/2-1/2

[Event "Hastings Masters"]
[Site "Hastings, England"]
[Date "2015.01.04"
[Round "7.17"]
[White "Talsma, Paul"]
[WhiteElo "2186"]
[Black "Mannion, Stephen R"]
[BlackElo "2345"]
[Result "1-0"]

1. d4 {[%clk 1:40:57]} d5 {[%clk 1:40:16]} 2. c4 {[%clk 1:41:22]} dxc4
{[%clk 1:40:41]} 3. e3 {[%clk 1:41:45]} Nf6 {[%clk 1:40:39]} 4. Bxc4
{[%clk 1:42:04]} e6 {[%clk 1:41:02]} 5. Nf3 {[%clk 1:42:25]} c5 {[%clk 1:41:22]}
6. O-O {[%clk 1:42:42]} a6 {[%clk 1:41:42]} 7. dxc5 {[%clk 1:42:40]} Bxc5
{[%clk 1:40:58]} 8. Qxd8+ {[%clk 1:42:48]} Kxd8 {[%clk 1:41:22]} 9. Ne5
{[%clk 1:42:31]} Ke7 {[%clk 1:41:24]} 10. Be2 {[%clk 1:42:14]} Nbd7
{[%clk 1:37:34]} 11. Nc4 {[%clk 1:41:24]} b6 {[%clk 1:35:02]} 12. Nbd2
{[%clk 1:40:55]} b5 {[%clk 1:12:52]} 13. Na5 {[%clk 1:40:31]} Ne5
{[%clk 1:13:05]} 14. Ndb3 {[%clk 1:24:58]} Bb6 {[%clk 1:11:03]} 15. Bd2
{[%clk 1:19:51]} Nd5 {[%clk 1:01:56]} 16. Kh1 {[%clk 1:05:15]} f5
{[%clk 0:59:11]} 17. f4 {[%clk 0:57:29]} Nd7 {[%clk 0:56:49]} 18. Bf3
{[%clk 0:55:58]} N7f6 {[%clk 0:56:53]} 19. Bb4+ {[%clk 0:51:02]} Ke8
{[%clk 0:55:35]} 20. Bc5 {[%clk 0:51:12]} Bxc5 {[%clk 0:42:54]} 21. Nxc5
{[%clk 0:51:39]} Ra7 {[%clk 0:43:14]} 22. e4 {[%clk 0:49:14]} fxe4
{[%clk 0:40:29]} 23. Nxe4 {[%clk 0:49:19]} Nxe4 24. Bxe4 Nf6 {[%clk 0:40:32]} 25.
Bf3 {[%clk 0:48:24]} Rc7 {[%clk 0:32:33]} 26. Rac1 {[%clk 0:47:22]} Rxc1
{[%clk 0:32:53]} 27. Rxc1 {[%clk 0:47:51]} Bd7 {[%clk 0:32:49]} 28. Kg1
{[%clk 0:44:56]} Ke7 {[%clk 0:32:16]} 29. Kf2 {[%clk 0:43:46]} Rc8
{[%clk 0:31:43]} 30. Rxc8 {[%clk 0:43:29]} Bxc8 {[%clk 0:32:11]} 31. Ke3
{[%clk 0:43:30]} Kd6 {[%clk 0:29:25]} 32. Kd4 {[%clk 0:43:40]} Nd7
{[%clk 0:16:31]} 33. Bb7 {[%clk 0:29:58]} Bxb7 {[%clk 0:15:56]} 34. Nxb7+
{[%clk 0:30:26]} Ke7 {[%clk 0:15:22]} 35. Nc5 {[%clk 0:29:11]} Nb8
{[%clk 0:15:44]} 36. Ne4 {[%clk 0:28:25]} Kd7 {[%clk 0:10:10]} 37. Kc5
{[%clk 0:26:27]} Kc7 {[%clk 0:09:14]} 38. Ng5 {[%clk 0:26:12]} Nd7+
{[%clk 0:08:56]} 39. Kd4 {[%clk 0:25:53]} Nf8 {[%clk 0:06:08]} 40. g3
{[%clk 0:24:08]} Kc6 {[%clk 0:05:08]} 41. b4 {[%clk 0:17:36]} h6 {[%clk 0:00:44]}
42. Nf7 {[%clk 0:16:25]} Kc7 {[%clk 0:43:46]} 43. Ne5 {[%clk 1:02:49]} Kd6
{[%clk 0:41:50]} 44. a3 {[%clk 1:02:24]} Nh7 {[%clk 0:40:04]} 45. Nd3
{[%clk 1:02:28]} Nf6 {[%clk 0:36:13]} 46. Nc5 {[%clk 1:02:39]} Ng4
{[%clk 0:35:37]} 47. Ne4+ {[%clk 0:57:45]} Kd7 {[%clk 0:20:37]} 48. h3
{[%clk 0:57:10]} Nf6 {[%clk 0:20:59]} 49. Nxf6+ {[%clk 0:54:11]} gxf6
{[%clk 0:21:26]} 50. g4 Ke7 {[%clk 0:18:34]} 51. h4 {[%clk 0:53:57]} Kf7
{[%clk 0:17:57]} 52. Kc5 {[%clk 0:48:02]} Ke7 {[%clk 0:09:12]} 53. g5
{[%clk 0:41:34]} h5 {[%clk 0:04:19]} 54. g6 {[%clk 0:36:51]} e5 {[%clk 0:03:45]}
55. fxe5 {[%clk 0:37:06]} fxe5 {[%clk 0:03:36]} 56. Kd5 {[%clk 0:37:18]} Kf6
{[%clk 0:03:37]} 57. g7 {[%clk 0:37:41]} Kxg7 {[%clk 0:03:53]} 58. Kxe5
{[%clk 0:38:06]} Kg6 {[%clk 0:04:12]} 59. Ke6 {[%clk 0:38:30]} Kg7
{[%clk 0:03:18]} 60. Kf5 {[%clk 0:38:50]} Kh6 {[%clk 0:02:13]} 61. Kf6
{[%clk 0:38:59]} 1-0

[Event "Hastings Masters"]
[Site "Hastings, England"]
[Date "2015.01.04"
[Round "7.18"]
[White "Mann, Johannes"]
[WhiteElo "2080"]
[Black "Longson, Alexander"]
[BlackElo "2339"]
[Result "1/2-1/2"]

1. d4 Nf6 2. c4 g6 3. Nc3 Bg7 4. e4 d6 5. Nf3 O-O 6. Be2 e5 7. Be3 exd4 8. Nxd4
Re8 9. f3 c6 10. Bf2 d5 11. exd5 cxd5 12. O-O Nc6 13. Nxc6 bxc6 14. cxd5 Nxd5 15.
Nxd5 Qxd5 16. Qxd5 cxd5 17. Bb5 Rd8 18. Rad1 Be6 19. Bd4 Rab8 20. a4 Bd7 21. Bxd7
Rxd7 22. Rf2 Rb4 23. Rfd2 Bh6 24. Re2 f5 25. Bc5 Rxa4 26. Re8+ Kf7 27. Rde1 Rc4
28. b4 a5 29. R1e7+ Rxe7 30. Rxe7+ Kf6 31. Rxh7 Bd2 32. Rd7 Ke6 33. Re7+ Kf6 34.
Rd7 axb4 35. Rxd5 Rxc5 36. Rxd2 b3 37. Rd6+ Ke5 38. Rb6 Rc1+ 39. Kf2 Rc2+ 40. Ke3
b2 41. Rb5+ Kd6 42. g4 Kc6 43. Rb8 Kc5 44. gxf5 gxf5 45. h4 f4+ 46. Ke4 Rh2 47.
h5 Rxh5 48. Rxb2 Kd6 49. Rb7 Ke6 50. Kxf4 Ra5 51. Kg4 Kf6 52. Rb6+ Kf7 53. f4 Rc5
54. Ra6 Rb5 55. f5 Rb1 56. Ra7+ Kf6 57. Ra6+ Kf7 58. Ra4 Rg1+ 59. Kf4 Rf1+ 60.
Kg5 Rg1+ 61. Rg4 Rxg4+ 62. Kxg4 Kf6 63. Kf4 Kf7 64. Ke5 Ke7 65. f6+ 1/2-1/2

[Event "Hastings Masters"]
[Site "Hastings, England"]
[Date "2015.01.04"
[Round "7.19"]
[White "Reinwald, Patrick"]
[WhiteElo "2144"]
[Black "Bellin, Robert"]
[BlackElo "2338"]
[Result "1/2-1/2"]

1. e4 {[%clk 1:40:39]} c5 {[%clk 1:39:34]} 2. d4 {[%clk 1:40:25]} cxd4
{[%clk 1:39:56]} 3. c3 {[%clk 1:40:51]} dxc3 {[%clk 1:39:02]} 4. Nxc3
{[%clk 1:41:14]} Nc6 {[%clk 1:38:59]} 5. Nf3 {[%clk 1:41:37]} d6 {[%clk 1:39:07]}
6. Bc4 {[%clk 1:41:58]} e6 {[%clk 1:39:12]} 7. O-O {[%clk 1:42:19]} Be7
{[%clk 1:39:26]} 8. Qe2 {[%clk 1:42:42]} Nf6 {[%clk 1:39:49]} 9. Rd1
{[%clk 1:43:07]} e5 {[%clk 1:40:05]} 10. Be3 {[%clk 1:43:31]} O-O
{[%clk 1:37:47]} 11. Rac1 {[%clk 1:43:41]} Bg4 {[%clk 1:34:25]} 12. h3
{[%clk 1:44:02]} Bh5 {[%clk 1:33:02]} 13. g4 {[%clk 1:44:18]} Bg6
{[%clk 1:28:22]} 14. Nh4 {[%clk 1:44:22]} Kh8 {[%clk 1:25:39]} 15. Nf5
{[%clk 1:44:31]} Rc8 {[%clk 0:48:45]} 16. Nxe7 1/2-1/2